| 000 | 00799nam a2200205 i 4500 | ||
|---|---|---|---|
| 001 | 52813 | ||
| 003 | ES-MaACL | ||
| 005 | 20230906162641.0 | ||
| 007 | t| | ||
| 008 | 030904s1977 xxu ||||1| spa d | ||
| 100 | 1 |
_aSidney, Philip. _9106207 |
|
| 245 | 1 | 0 |
_aDeffensa de la poesÃa _b: a 17th century anonymorus Spanish translation of Philip Sideney's "Defence of Poesie" / _c[edited] by Benito Brancaforte. |
| 260 |
_aChapel Hill : _bUniversity of North Carolina, _c1977. |
||
| 300 |
_a92 p. ; _c23 cm. |
||
| 490 | 1 |
_aNorth Carolina studies in the romance languages and literatures ; _v186 |
|
| 700 | 1 |
_aBrancaforte, Benito. _931322 |
|
| 830 | 0 |
_aNorth Carolina studies in the romance languages and literatures ; _v186 _9182412 |
|
| 852 |
_aES-MaACL _jA-7735 _bR.96743 |
||
| 999 |
_c52813 _d52813 |
||